000
00282nam a2200121Ia 4500
008
200103s9999||||xx |||||||||||||| ||und||
040
_a
IMU-MPC
082
_a
Column-15
100
_a
Fernandes, Edrich
245
0
_a
Bridge Equipment & Watchkeeping notes
300
_a
71
942
_c
BK
999
_c
5671
_d
5671